| 000 | 00704nam a2200229Ia 4500 | ||
|---|---|---|---|
| 003 | GCL | ||
| 008 | 140319s9999 xx 000 0 ara d | ||
| 040 |
_aGCL / _cGCL |
||
| 082 | 0 | 4 |
_a3.102 _bح ق |
| 100 | 1 | _aحسين فهيم | |
| 245 | 1 | 0 |
_aقصة الانثر وبولوجيا: فصول فى تاريخ علم الانسان(هدية من عبدالفتاح الجمل) / _cحسين فهيم |
| 300 | _a312 | ||
| 490 |
_aعالم المعرفة _v0 |
||
| 650 | 0 | 4 | _aالعلم |
| 650 | 0 | 4 | _aالحضارة |
| 650 | 0 | 4 | _aالثقافة |
| 650 | 0 | 4 | _aالانثربولوجيا |
| 650 | 0 | 4 | _aالاجتماع، علم |
| 650 | 0 | 4 | _aالاجناس |
| 650 | 0 | 4 | _aالعليا |
| 942 |
_2ddc _cBK |
||
| 999 |
_c46834 _d46834 |
||